History Quiz

Random History Quiz

Attorneys at Cetrulo & Capone LLP Quiz Stats

 Plays Quiz not verified by Sporcle

Challenge
Share
Tweet
Embed
Score 0/109 Timer 20:00
0 Plays Today
Year graduated law school Attorney % Correct
1975Larry Cetrulo
86%
1969Bert Capone
84%
2005Kerry Moore
58%
1983Jim Carroll
54%
1997Jen Creedon
54%
1983Mark McCrystal
52%
2006Rob Moore
52%
2009Ben Carroll
52%
1992Steve Armato
50%
1995Ashley Pittman
50%
2007Mike Capuano
48%
2006Ryan Kenny
48%
1990Tom Hayman
46%
1986Mike Rauworth
46%
1994Larry Sugarman
46%
1972Catherine White
44%
2005Kyle Bjornlund
44%
2005Mike Cahalane
44%
2007Nick McDonald
44%
1993Amy McDonald
44%
1998Matt Zamaloff
42%
2009Jack Granato
42%
2008Tyson Hubbard
42%
2005Jason Saul
42%
2001Marci Shyavitz
42%
2000Katie Zivkovic
42%
1995Scott Marra
40%
1968Sam Sears
40%
2009Dave Clermont
40%
2000Mike Stacchi
40%
2004Jeff Adams
40%
1995Jen Whelan
40%
1995Alexa Abowitz
38%
2008Bryan Abramoske
38%
1996Andrew McConville
38%
2009Kate O'Donnell
38%
1999Kevin Powers
38%
Year graduated law school Attorney % Correct
2002Steve Rossetti
38%
2007Whitney Barrows
36%
2003Carl Fumarola
36%
2007Leslie Kilnapp
36%
1988Annette Boelhouwer
34%
1974Rory Fitzpatrick
34%
1987Mike 'The Dude' Sommerville
34%
1998Frank Powell
34%
1996Matt Saunders
34%
2008Shane O'Neill
34%
1993Chris Tauro
34%
1974Ann Egan
34%
1996Chris Hunt
34%
1994Greg May
32%
1994John McDonnell
32%
1997Dwight Burns
30%
2002Gillian Woolf
30%
1984Nancy Kelly
30%
2008Ed Ryan
28%
1985David Grossbaum
24%
1997Brian Gross
24%
1993Paul Mulroney
22%
2005Patrick Uiterwyk
22%
1980Brad Carver
22%
1991Charcretia DiBartolo
22%
1996Katie Perry
22%
1997Nick Arena
22%
2010Jesse Ainlay
20%
1988Sheila Highking
20%
2004Ed Cumbo
18%
2003Tierney Chadwick
18%
2010Katie Bagdis
16%
1996Maura McKelvey
16%
1999Troy Bailey
14%
1996George Clark
14%
1991Adam Cohen
12%
1994Paula-Lee Chambers
12%
Year graduated law school Attorney % Correct
1999Jonathan Burwood
12%
1981John Gaul
10%
1999Denny Kanarek
10%
1998Eric Loeffler
10%
1995Isabel Rivera
10%
1994Alicia Brown
10%
1985Kevin Young
10%
1969Richard Stone
8%
1973Jim Brantl
8%
1990Kirsten Lacovara
6%
1988Denise Murphy
6%
1997Mike Cuddire
6%
1999Grace Kosman
6%
?Alexandra Espinosa
6%
2002Chris Taffe
4%
1993Elizabeth McLaughlin
4%
1992Siobhan Sweeney
4%
2005Zack Berk
4%
1986Ann Moulton
4%
2000Rory Fazendeiro
2%
1999Tim Frawley
2%
1999Leigh Lamendola
2%
2003Robert Mannino
2%
2001Joe Merlino
2%
1990John McNamara
2%
?Roxanne Jamii
2%
1996Richard Briansky
2%
1990George Kostakos
2%
2005Kristen Blackburn
2%
1997Nate Dudley
2%
1976Stephen Devereux
0%
2000Sebestyen Martens
0%
1994Mike Amoruso
0%
1998Maria Mazur
0%
1998Kieran Murray
0%

You're not logged in!

Compare scores with friends on all Sporcle quizzes.
Join for Free
OR
Log In

You Might Also Like...

Show Comments

Extras

Created Aug 13, 2010ReportFavoriteNominate
Tags:attorney, boston, lawyer

Top Quizzes Today


Score Distribution

Your Account Isn't Verified!

In order to create a playlist on Sporcle, you need to verify the email address you used during registration. Go to your Sporcle Settings to finish the process.

Report this User

Report this user for behavior that violates our Community Guidelines.

Details: